000
00282nam a2200121Ia 4500
008
191201s2018 xx 000 0 und d
100
_a
BROWN, Martin C
245
0
_a
Python: The Complete Reference
260
_b
TMH
_c
2018
300
_a
691
650
_a
B.Tech(IT)
942
_2
ddc
_c
BK
999
_c
6797
_d
6797